000 01061cab a2200325 4500
001 WB2926-17
008 090401t1993 xxu||||| |||| 00| 0 eng d
035 _a(Sirsi) u67775
041 _aeng
245 _aSuperstores - the future
260 _c1993
350 _a0
490 _aDaily Telegraph
_v3 July 1993, B1
490 _aGuardian
_v3 July 1993, 34
490 _aIndependent
_v3 July 1993, 19(2)
520 _aAsda chief executive Archie Norman has warned that expansion of the superstore industry, especially over-building of stores is increasing pressure on profits. Meanwhile, Sainsbury and Safeway are involved in a legal battle to block the opening of the first warehouse club in Britain.
650 _aASDA
650 _aCOSTCO
650 _aRETAILING
650 _aSAFEWAY
650 _aSAINSBURY
650 _aSUPERMARKETS
650 _aSUPERSTORES
650 _aTESCO
650 _aTHURROCK
650 _aWAREHOUSE CLUB
690 _aPROPERTY-COMMERCIAL PROPERTY-RETAIL PROPERTY
942 _n0
948 _c04/03/1997
999 _c42450
_d42450